Statistics for Biggest Cities in Montana in 1950

Click here to take the quiz!

General Stats

  • This quiz has been taken 38 times
  • The average score is 11 of 20

Answer Stats

PopulationCountyAnswer% Correct
17,581Lewis and ClarkHelena
100%
31,834YellowstoneBillings
96%
11,325GallatinBozeman
96%
39,214CascadeGreat Falls
86%
22,485MissoulaMissoula
86%
33,251Silver BowButte
79%
11,254Deer LodgeAnaconda
68%
9,737FlatheadKalispell
68%
8,086HillHavre
50%
3,268FlatheadWhitefish
50%
9,243CusterMiles City
46%
7,683ParkLivingston
43%
3,779PowellDeer Lodge
32%
3,821ValleyGlasgow
32%
3,663YellowstoneLaurel
32%
6,573FergusLewistown
32%
3,268BeaverheadDillon
29%
5,254DawsonGlendive
29%
3,987RichlandSidney
25%
3,721GlacierCut Bank
21%

Score Distribution

Percentile by Number Answered

Percent of People with Each Score

Your Score History

You have not taken this quiz